000 00652nam a2200181 4500
001 137531
003 ES-MaACL
005 20240527195148.0
007 t|
008 070214s1954 sp r ||||1| spa d
100 1 _aSánchez Cantón, Francisco Javier,
_d1891-1971
_9102521
245 1 4 _aLas pinturas de Oriz y la Guerra de Sajonia /
_cFrancisco Javier Sánchez Cantón.
260 _aPamplona :
_bDiputación Foral de Navarra. Institución Príncipe de Viana,
_c1954.
300 _a103 p., 7 lám. :
_bil. ;
_c32 cm.
710 2 _aInstitución Príncipe de Viana
_94730
852 _aES-MaACL
_jC-6743
_bR.35235
999 _c137531
_d137531